La Liga 2019-2020 Top scorers - Statistics

General Stats
  • This quiz has been taken 20 times
  • The average score is 8 of 16
Answer Stats
Goals Nationality Club Player % Correct
21 France Real Madrid Karim Benzema
100%
25 Argentina Barcelona Lionel Messi
100%
16 Uruguay Barcelona Luis Suárez
100%
12 Spain Atlético Madrid Álvaro Morata
75%
14 Spain Celta Vigo Iago Aspas
75%
18 Spain Villarreal Gerard Moreno
70%
11 Brazil Real Sociedad Willian José
55%
14 Argentina Sevilla Lucas Ocampos
50%
11 Spain Real Madrid Sergio Ramos
45%
11 Spain Alavés Joselu
40%
13 Croatia Mallorca Ante Budimir
30%
11 Spain Getafe Jaime Mata
30%
15 Spain Athletic Bilbao Raúl García
20%
11 Spain Villarreal Santi Cazorla
10%
11 Spain Alavés Lucas Pérez
5%
11 Spain Levante Roger
5%
No matching quizzes found
Score Distribution
Percent of People with Each Score
Percentile by Number Answered
Your Score History
You have not taken this quiz